| 000 | 00464cam a2200193ua 4500 | ||
|---|---|---|---|
| 001 | 1076 | ||
| 005 | 20260515113255.0 | ||
| 008 | 110427n ii |||gr||||Z||||||eng | ||
| 040 | _cMAIN | ||
| 082 | _a323.4 | ||
| 245 | 1 |
_aManab adhikar. _cBy Jagyeswar Borah. |
|
| 250 | _a1st. | ||
| 260 |
_aJorhat.: _bUnika prakashan., _c2004. |
||
| 300 |
_a208: _c20 cm. |
||
| 653 | _aPolitical science. | ||
| 653 | _aManab adhikar. | ||
| 700 | _aBorah, Jagyeswar., | ||
| 942 | _cBK | ||
| 999 |
_c992 _d992 |
||